| 000 | 00521nam a22001697a 4500 | ||
|---|---|---|---|
| 005 | 20251108164843.0 | ||
| 008 | 250721s1983 xx 000 0 ara d | ||
| 082 | 1 | 4 | _a814/يحي |
| 100 | 1 | _aزيتونه، يحيى أنيس | |
| 245 | 1 | 0 | _aفي رحاب الروح / |
| 264 | 1 |
_aالكويت : _bشركة كاظمه للنشر و الترجمة و التوزيع، _c1983. |
|
| 300 | _a200ص | ||
| 650 | 1 | 7 | _aالمقالات العربية |
| 650 | 1 | 7 | _aالأدب العربي |
| 942 |
_2ddc _cBK |
||
| 999 |
_c15936 _d15936 |
||